000 00906na a2200301 4500
001 21165
003 MIRAKIL
005 20181213155121.0
008 170201b tu 000 0
035 _a21165
040 _aMilas
_btur
_cTR-AnCHP
041 _atur
082 _aCHP 324.2172
_bC36m 2016
090 _aBROŞÜR 427
110 _aCumhuriyet Halk Partisi (CHP)
222 _aMYK grubu albümü
245 _aMerkez Yönetim Kurulu albümü
_b2016
_cCumhuriyet Halk Partisi
246 _aCHP MYK albümü
260 _aAnkara
_bCHP
_c2016
300 _a[22] s.
_brnkl. fotg.
_c21 sm.
440 _aCumhuriyet Halk Partisi yayınları
_pAlbümler
610 _aCumhuriyet Halk Partisi (CHP)
_bMerkez Yönetim Kurulu (MYK)
_yAlbümler
657 _a12016 CHP MYK albümü
657 _a2016 CHP MYK üyeleri
830 _aCHP albümleri
942 _2ddc
_cBKS
999 _c6855
_d6855